W jakim języku mówi się w tych państwach? - Statystyki

Ogólne statystyki
  • Ten quiz został rozwiązany 203 razy
    27 od ostatniego zresetowania
  • Średni wynik to 11 z 15
Statystyki odpowiedzi
Państwo Język % Poprawnych
Litwa litewski | rosyjski | polski
100%
Irlandia angielski | irlandzki gaelicki
92%
Wielka Brytania angielski | szkocki gaelicki | walijski
92%
Luksemburg luksemburski | niemiecki | francuski
92%
Finlandia fiński | szwedzki
88%
Nowa Zelandia angielski | maoryski
83%
Urugwaj hiszpański
83%
Armenia ormiański | rosyjski
79%
Singapur angielski | malajski | mandaryński | tamilski
71%
Demokratyczna Republika Konga francuski
71%
Dżibuti arabski | francuski
67%
Haiti francuski | kreolski
63%
Surinam holenderski
58%
Mozambik portugalski
58%
Timor Wschodni portugalski
38%
Nie znaleziono quizów pasujących do podanych kryteriów
Rozkład punktacji
Procent ludzi z każdym wynikiem
Percentyl według liczby udzielonych odpowiedzi
Twoja historia wyników
Nie rozwiązałeś tego quizu od ostatniego zresetowania